00795ngm a2200229 a 450000500170000000800410001708200170005824500600007525000190013530000450015449000480019965000390024765000480028665000490033494200130038326400310039633600270042733700330045433800280048704000350051599900150055020220317001346.0161108s9999 ck g 000 0 spa 04a709.022bH3710aHistoria del arte, 5barte góticohvideodisco digital a1a. edición  a1 DVD (60 minutos)bsonido, colorc19 cm aVideocolecciónpGrandes épocas del arte142LEMBaArtevVideodiscos xHistoria142LEMBaArte medievalvVideodiscos xHistoria142LEMBaArte Gótico vVideodiscos xHistoria 2ddccDVD a[Bogotá]bMS Tv & Videos atextobtxt2rdacontent asin mediaciónbn2rdamedia avolumenbnc2rdacarrier aCO-BoRNBPbspaerdacCO-BoRNBP c6728d6728